Zákaz reklamy pre určité profesie je čoraz častejšie spochybňovaný

Význam reklamy - významný faktor hospodárskej súťaže, hľadisko informovania spotrebiteľa, osobitá forma uplatnenia slobody prejavu. Existencia povolaní, ktorým ani v slobodnej trhovej ekonomike nie je umožnené robiť reklamu svojej činnosti. Ide okrem iných o lekárov a advokátov. Zákaz reklamy pre le...

Descrizione completa

Salvato in:
Dettagli Bibliografici
Autore principale: Vozár, Jozef
Natura: Capitolo di libro
Lingua:slovacco
Soggetti:
Tags: Aggiungi Tag
Nessun Tag, puoi essere il primo ad aggiungerne!!

MARC

LEADER 00000naa a2200000 4500
001 r026621
005 20230921080333.9
041 0 |a slo 
044 |a SK 
245 1 0 |a Zákaz reklamy pre určité profesie je čoraz častejšie spochybňovaný  |c Jozef Vozár 
520 |a Význam reklamy - významný faktor hospodárskej súťaže, hľadisko informovania spotrebiteľa, osobitá forma uplatnenia slobody prejavu. Existencia povolaní, ktorým ani v slobodnej trhovej ekonomike nie je umožnené robiť reklamu svojej činnosti. Ide okrem iných o lekárov a advokátov. Zákaz reklamy pre lekárov a advokátov. Situácia vo svete a na Slovensku. 
610 2 0 |a reklama 
610 2 0 |a povolania 
610 2 0 |a lekári 
610 2 0 |a advokáti 
610 2 0 |a súťaž hospodárska 
100 1 |a Vozár, Jozef